[Event "3.RSCO"]
[Site "Rostock"]
[Date "2003.??.??"]
[Round "1"]
[White "Montreux, Mephisto"]
[Black "Risc 2, Mephisto"]
[Result "1-0"]
[WhiteElo "2254"]
[BlackElo "2245"]
[Annotator "Völschow,Michael"]
[PlyCount "49"]
[EventDate "2003.??.??"]
[EventRounds "10"]
[EventCountry "GER"]
[SourceDate "2003.03.19"]

1. d4 c6 2. e4 d5 3. exd5 cxd5 4. c4 Nf6 5. Nc3 Nc6 6. Bg5 Qa5 {*} 7. Bd2 dxc4
8. Bxc4 {*} Qb6 9. d5 Ne5 10. Bb5+ Bd7 11. Be3 Qa5 12. Bxd7+ Nfxd7 13. Nge2 Rd8
14. O-O Nf6 15. Qc2 Nc4 16. Qb3 Nd6 17. Rad1 Nd7 18. Ng3 {+1,44} b6 {-0,27} 19.
Rfe1 (19. Nge4 Nxe4 20. Nxe4 Ne5 21. Rfe1 Qa6 22. Bf4 Nc4 23. d6 e6 24. Qd3 Qb5
25. Rc1) 19... Rc8 {-0,37} 20. Nge4 {+1,85} Nxe4 {-0,67} 21. Nxe4 Ne5 22. Bd4 {
+3,07} f6 {-2,01} 23. d6 Rd8 {-3,15} 24. Bc3 {+7,05} Qa6 {-5,77} 25. Bxe5 1-0

[Event "3.RSCO"]
[Site "Rostock"]
[Date "2003.??.??"]
[Round "2"]
[White "Risc 2, Mephisto"]
[Black "Montreux, Mephisto"]
[Result "1-0"]
[WhiteElo "2245"]
[BlackElo "2254"]
[Annotator "Völschow,Michael"]
[PlyCount "87"]
[EventDate "2003.??.??"]
[EventRounds "10"]
[EventCountry "GER"]
[SourceDate "2003.03.19"]

1. d4 Nf6 2. c4 e5 3. dxe5 Ng4 4. Bf4 Nc6 5. Nf3 {*} Bc5 6. e3 f6 7. exf6 Qxf6
{*} 8. Qc2 d6 9. Nc3 Bf5 10. Qb3 Bb4 11. Rc1 Nge5 12. Be2 Nd7 13. O-O Nc5 14.
Nd5 Qf7 $2 (14... Nxb3 15. Nxf6+ gxf6 16. axb3 O-O-O) 15. Qd1 {+1,14} Ba5 {-1,
43} 16. a3 Ne6 17. b4 Nxf4 18. exf4 {+1,89} Bb6 {-2,71} 19. Bd3 (19. Ng5) 19...
Bg4 20. Re1+ Kf8 21. Ng5 Bxd1 22. Nxf7 Kxf7 23. Rcxd1 Rae8 24. Be4 Kf8 25. g4
g6 26. a4 Nxb4 27. Nxb4 Ba5 28. Rb1 c5 29. Nd5 Bxe1 30. Rxe1 Kg7 31. f5 gxf5
32. gxf5 Kf8 33. Nf6 Re7 34. Rd1 Kg7 35. Rxd6 Rf8 36. Nh5+ Kh8 37. Bd5 Re1+ 38.
Kg2 Ra1 39. Rf6 Rxf6 40. Nxf6 Re1 {-4,32} 41. Nd7 Re7 42. Nxc5 Kg7 43. Be6 Re8
44. Nxb7 {+5,33} 1-0

[Event "3.RSCO"]
[Site "Rostock"]
[Date "2003.??.??"]
[Round "3"]
[White "Montreux, Mephisto"]
[Black "Risc 2, Mephisto"]
[Result "1-0"]
[WhiteElo "2254"]
[BlackElo "2245"]
[Annotator "Völschow,Michael"]
[PlyCount "143"]
[EventDate "2003.??.??"]
[EventRounds "10"]
[EventCountry "GER"]
[SourceDate "2003.03.19"]

1. d4 d5 2. c4 c6 3. Nf3 Nf6 4. Nc3 dxc4 5. e4 b5 6. e5 Nd5 7. a4 e6 8. axb5
Nxc3 9. bxc3 cxb5 10. Ng5 Bb7 11. Qh5 g6 12. Qg4 Be7 13. Be2 Bd5 {*} 14. Bf3 {*
} b4 15. Bxd5 Qxd5 16. Bb2 $2 h5 {+1,60} 17. Qf4 Bxg5 18. Qxg5 Qe4+ 19. Kd1 b3
20. Rc1 Nc6 (20... a5 21. f3 Qf5 22. Qxf5 gxf5 23. Ra1 a4) 21. f3 Qd5 22. Re1
h4 23. Qf6 Rh7 24. Ra1 h3 25. g3 {-0,33} Qb5 26. Re4 Qb7 27. Ke2 Ne7 28. Rh4
Nd5 29. Qg5 Rxh4 30. Qxh4 Kd7 31. Qh7 Rf8 32. Qg7 {+0,45} Ke8 33. Qh6 Rg8 34.
Qxh3 a6 35. Qh7 Rf8 36. Qg7 Ne7 37. Ba3 Rg8 38. Qh7 Rf8 39. Re1 Qc7 40. Bc5 Qa5
41. Qh4 Qc7 42. Qf6 (42. Ra1 Qb7 43. Bxe7 Qxe7 44. Qe4 Rh8 45. h4 Kf8 46. Qc6
Kg7 47. Qxc4) 42... Nd5 43. Qg7 Ne7 44. Ra1 Qc6 45. Qh7 Qb7 46. Rb1 Qc7 47. Bb4
a5 (47... Nd5 48. Bxf8 Nxc3+ 49. Kf1 Kxf8 50. Re1 Nd5) 48. Ba3 Qc6 49. Qh4 Qd7
50. Rb2 Rg8 51. Qh7 Rf8 52. Bd6 Qa4 53. Qh4 Nd5 54. Qh6 Ne7 55. Qg5 Qd7 56. Qf6
Rg8 57. Qh4 Rf8 (57... g5 58. Qh7 Rg6 59. Qh8+ Ng8 60. Qh3 Rh6 61. Qg2 Ne7 62.
h3 f6 63. h4 gxh4 64. gxh4 fxe5 65. dxe5 Rg6) 58. Bc5 Nf5 59. Qh7 Ne7 60. Kf2
Qa4 61. Qh4 Qd7 62. Rb1 Nf5 63. Qe4 Rh8 64. Qa8+ Qd8 65. Qa6 Rxh2+ 66. Kg1 Rh8
$2 (66... Rh3) 67. Qxc4 Rh3 68. Qxb3 Rxg3+ 69. Kf2 Qa8 70. Qb5+ {+2,73} Kd8 71.
d5 exd5 72. Rh1 1-0

[Event "3.RSCO"]
[Site "Rostock"]
[Date "2003.??.??"]
[Round "4"]
[White "Risc 2, Mephisto"]
[Black "Montreux, Mephisto"]
[Result "0-1"]
[WhiteElo "2245"]
[BlackElo "2254"]
[Annotator "Völschow,Michael"]
[PlyCount "120"]
[EventDate "2003.??.??"]
[EventRounds "10"]
[EventCountry "GER"]
[SourceDate "2003.03.19"]

1. c4 Nf6 2. Nc3 e5 3. Nf3 e4 4. Ng5 b5 5. d3 bxc4 6. dxe4 Nc6 7. e3 Bb4 8.
Bxc4 O-O 9. f3 {*} Qe7 {*} 10. O-O Bxc3 11. bxc3 Qc5 12. Bxf7+ Rxf7 13. Nxf7
Kxf7 14. Qb3+ d5 15. exd5 Rb8 16. Qc2 Nxd5 17. Qxh7 {+0,04} Qxc3 18. Qh5+ Ke6
19. Rd1 Nf6 20. Qh4 Rb4 21. Qh8 Qxa1 22. Qxc8+ Kf7 23. Qxc7+ Ne7 24. a3 Rb6 25.
Qc4+ Kf8 26. Rd8+ Ne8 27. Rd1 Rc6 28. Qf4+ Nf6 29. e4 Qa2 30. Rd8+ Kf7 31. h3
Rc3 32. Bd2 Rxa3 {+1,28} 33. Qb8 {0,00} Rb3 34. Rf8+ Ke6 35. Qf4 {-0,42} Rd3 {
+1,83} 36. Be1 Rd1 37. Kf1 Qc4+ 38. Kf2 Qc2+ 39. Kf1 {-1,80} Qc3 40. Qg3 {-2,33
} Nc6 {+4,27} 41. Rc8 Qd3+ 42. Kg1 Ne7 43. Rc7 Qe2 44. Kh2 Qxe1 45. Qxe1 Rxe1
46. Rxa7 Nh5 47. Ra6+ Kd7 48. Ra5 g6 49. Ra7+ Kd6 50. Ra2 Nc6 51. h4 Nf4 52.
Kg3 Nb4 53. Ra3 Nbd3 54. Kg4 Rg1 55. g3 Ke7 56. h5 gxh5+ 57. Kh4 Ne6 58. g4 Ne5
59. gxh5 Ng5 60. Ra7+ {Und der RISC 2 gab gleichzeitig, bei einer Bewertung
von -7,78 auf!} Kd6 {und der Montreux kündigte ein Matt in 9 an.} 0-1

[Event "3.RSCO"]
[Site "Rostock"]
[Date "2003.??.??"]
[Round "5"]
[White "Montreux, Mephisto"]
[Black "Risc 2, Mephisto"]
[Result "1-0"]
[WhiteElo "2254"]
[BlackElo "2245"]
[Annotator "Völschow,Michael"]
[PlyCount "83"]
[EventDate "2003.??.??"]
[EventRounds "10"]
[EventCountry "GER"]
[SourceDate "2003.03.19"]

1. e4 e5 2. f4 exf4 3. Nf3 d6 4. Bc4 h6 {*} 5. d4 g5 6. h4 {*} g4 7. Ng1 Nf6 8.
Nc3 Nh5 9. Nge2 f3 10. gxf3 Be7 11. O-O g3 12. Kg2 Bxh4 13. Rh1 c6 14. d5 a6
15. dxc6 Nxc6 16. Be3 Ne5 17. Bd5 Qf6 {+0,80} 18. Qf1 Qe7 19. Rd1 Be6 20. f4
Ng4 21. Bd4 Rg8 22. Qf3 Rb8 $2 {+0,29} (22... Nhf6 23. Bxe6 Nh2 24. Bxf7+ Qxf7
25. Qd3 O-O-O 26. Bxf6 Bxf6 27. Nd5 Kb8) 23. Rh3 {+2,40} Bd7 {-0,18} 24. Rdh1
Nxf4+ {-0,52} 25. Qxf4 Bg5 26. Qxg3 Nf6 27. Kf1 Bxh3+ 28. Rxh3 b5 29. Qd3 Rg6
30. Rf3 Rc8 31. Nf4 (31. Bb3 Kf8 32. Nd5 Nxd5 33. Bxd5 Rc7 34. e5 Ke8 35. Bb6
dxe5 36. Bxc7 Qxc7 37. Bxf7+) 31... Bxf4 32. Rxf4 Nxd5 33. Nxd5 Qg5 34. Ke2
Qh5+ 35. Kd2 Qh1 36. a4 Rc4 37. axb5 axb5 38. b3 Rg2+ 39. Bf2 Qg1 40. Nf6+ Ke7
41. Qe3 Rc8 42. Qa7+ {+9,50} 1-0

[Event "3.RSCO"]
[Site "Rostock"]
[Date "2003.??.??"]
[Round "6"]
[White "Risc 2, Mephisto"]
[Black "Montreux, Mephisto"]
[Result "1-0"]
[WhiteElo "2245"]
[BlackElo "2254"]
[Annotator "Völschow,Michael"]
[PlyCount "63"]
[EventDate "2003.??.??"]
[EventRounds "10"]
[EventCountry "GER"]
[SourceDate "2003.03.19"]

1. e4 c5 2. Nf3 d6 3. d4 cxd4 4. Nxd4 Nf6 5. Nc3 a6 6. Bg5 e6 7. f4 b5 8. e5
dxe5 9. fxe5 Qc7 10. exf6 Qe5+ 11. Be2 Qxg5 12. O-O Ra7 13. Qd3 Rd7 14. Ne4 Qe5
15. Nf3 Qxb2 16. Qe3 Bb7 17. a4 {*} b4 {*} 18. Rab1 Qxc2 19. fxg7 Bxg7 20. Rxb4
Qc7 21. Rc1 Nc6 22. Qg5 f5 23. Qh5+ Ke7 24. Neg5 Rf8 25. Qxh7 {+2,95} Kf6 26.
Nh4 Ke5 27. Qg6 Rf6 28. Ngf3+ Kd5 29. Qg5 Bh6 30. Rd1+ Kc5 31. Rc4+ Kb6 32.
Qxf6 1-0

[Event "3.RSCO"]
[Site "Rostock"]
[Date "2003.??.??"]
[Round "7"]
[White "Montreux, Mephisto"]
[Black "Risc 2, Mephisto"]
[Result "1-0"]
[WhiteElo "2254"]
[BlackElo "2245"]
[Annotator "Völschow,Michael"]
[PlyCount "79"]
[EventDate "2003.??.??"]
[EventRounds "10"]
[EventCountry "GER"]
[SourceDate "2003.03.19"]

1. d4 Nf6 2. c4 g6 3. Nc3 Bg7 4. e4 d6 5. f4 O-O 6. Nf3 {*} Na6 7. e5 Nd7 8.
Be3 c5 9. Be2 cxd4 10. Bxd4 dxe5 11. fxe5 Nb4 12. e6 $6 {Opfert einen Bauern,
aber die Kompensation fehlt.} (12. O-O) 12... Bxd4 13. Nxd4 Nc5 14. O-O Nxe6
15. Nb3 (15. Ndb5) 15... Qb6+ 16. Rf2 Rd8 17. Qf1 a5 {+1,12} 18. Na4 Qe3 19. c5
Nf4 (19... Nc2 20. Qc1 Ned4) 20. Nb6 Rb8 (20... Nxe2+ 21. Qxe2 Qxe2 22. Rxe2
Ra7) 21. Re1 Nc2 {-0,26} 22. Nc4 a4 23. Nxe3 Nxe3 24. Rxf4 Nxf1 25. Bc4 axb3
26. Bxf7+ Kh8 27. Rfxf1 bxa2 28. Bxa2 b6 $2 {-0,57} (28... Ra8 29. Bc4 e6 30.
Bxe6 Bxe6 31. Rxe6) 29. c6 {+2,59} Rd6 30. c7 (30. Rxe7) 30... Ra8 31. Rxe7 Bf5
32. Bc4 Rd7 33. Rxd7 Bxd7 34. Rd1 Bc8 {-3,71} 35. Rd8+ Kg7 36. Bd5 Ra1+ 37. Kf2
Bg4 38. Kg3 h5 39. h3 Bf5 40. c8=Q 1-0

[Event "3.RSCO"]
[Site "Rostock"]
[Date "2003.??.??"]
[Round "8"]
[White "Risc 2, Mephisto"]
[Black "Montreux, Mephisto"]
[Result "0-1"]
[WhiteElo "2245"]
[BlackElo "2254"]
[Annotator "Völschow,Michael"]
[PlyCount "64"]
[EventDate "2003.??.??"]
[EventRounds "10"]
[EventCountry "GER"]
[SourceDate "2003.03.19"]

1. e4 c5 2. Nf3 Nc6 3. d4 cxd4 4. Nxd4 Nf6 5. Nc3 e5 6. Ndb5 d6 7. Bg5 a6 8.
Na3 Be6 9. Nc4 {*} Nd4 10. f4 Rc8 11. fxe5 dxe5 12. Nxe5 Qb6 13. Bxf6 Qxb2 14.
Qxd4 Bb4 15. Nc6 Qxa1+ 16. Kd2 Bxc3+ 17. Qxc3 Qxc3+ 18. Bxc3 Rxc6 19. a3 O-O
20. Bd3 Rd8 21. Rf1 {-1,69} Bc4 22. Bb4 f6 {+2,54} 23. Ke3 Bxd3 24. cxd3 Rc2
25. Ba5 Rd7 26. g3 Rxh2 27. Rc1 h5 28. d4 h4 29. Rg1 h3 30. Rd1 Ra2 31. Bb4 b6
32. Kf4 h2 {+6,60} 0-1

[Event "3.RSCO"]
[Site "Rostock"]
[Date "2003.??.??"]
[Round "9"]
[White "Montreux, Mephisto"]
[Black "Risc 2, Mephisto"]
[Result "1-0"]
[WhiteElo "2254"]
[BlackElo "2245"]
[Annotator "Völschow,Michael"]
[PlyCount "60"]
[EventDate "2003.??.??"]
[EventRounds "10"]
[EventCountry "GER"]
[SourceDate "2003.03.19"]

1. d4 c6 2. e4 d5 3. exd5 cxd5 4. c4 Nf6 5. Nc3 Nc6 6. Bg5 Qa5 {*} 7. Bd2 dxc4
8. Bxc4 {*} Qb6 9. d5 Ne5 10. Bb5+ Bd7 11. Be3 Qa5 12. Bxd7+ Nfxd7 13. Nge2 Rd8
14. O-O Qa6 15. Qb3 Rc8 16. Rad1 b6 17. Nb5 Nc5 18. Bxc5 Rxc5 19. Nec3 g6 20.
Rfe1 Bg7 21. d6 $1 {Super. Konsequent gespielt. Die e-Linie wird geöffnet und
Schwarz kann unmöglich alle Drohungen abwehren.} Qa5 $2 {-2,58 / Schwarz
verliert den Überblick. Die schwarze Dame betreibt Verrat und läßt die Eigenen
im Stich.} 22. dxe7 {+3,80} Kxe7 23. f4 (23. Nd6 Kd7 24. Nb7+ Kc8 25. Nxa5)
23... Rd8 24. Rxd8 Kxd8 25. fxe5 Rxb5 26. Qxf7 Kc8 27. Qe8+ Kb7 28. Rd1 Rc5 29.
Rd7+ Rc7 30. Rxc7+ Kxc7 {Und er RISC gab gleichzeitig auf!} 1-0

[Event "3.RSCO"]
[Site "Rostock"]
[Date "2003.??.??"]
[Round "10"]
[White "Risc 2, Mephisto"]
[Black "Montreux, Mephisto"]
[Result "1/2-1/2"]
[WhiteElo "2245"]
[BlackElo "2254"]
[Annotator "Völschow,Michael"]
[PlyCount "177"]
[EventDate "2003.??.??"]
[EventRounds "10"]
[EventCountry "GER"]
[SourceDate "2003.03.19"]

1. e4 c5 2. Nf3 d6 3. d4 cxd4 4. Nxd4 Nf6 5. Nc3 a6 6. Bg5 Nc6 7. Qd2 e6 8.
O-O-O h6 9. Bf4 Bd7 10. Nxc6 Bxc6 11. f3 d5 12. Qe1 Bb4 13. a3 Ba5 14. Bd2 {*}
d4 15. e5 Nd7 16. Ne2 Bxd2+ 17. Rxd2 Nxe5 {*} 18. f4 Nd7 19. Nxd4 Qc7 20. Nxc6
Qxc6 21. Be2 O-O 22. Bf3 Qc7 23. Qe3 Rac8 24. Rhd1 Nb6 25. Qe4 Qc5 26. h4 Nc4
27. Rd7 Ne3 28. R1d2 b5 29. g4 {+0,41} Nc4 30. R2d4 Ne3 31. Bd1 Nd5 32. Qe5 a5
33. g5 hxg5 34. fxg5 Rfd8 35. Rxd8+ Rxd8 36. g6 Qd6 37. gxf7+ Kxf7 38. Qh5+ g6
$2 {-0,18} (38... Kg8) 39. Qh7+ {+2,18} Kf6 {-0,18} 40. h5 Qg3 41. h6 Qg5+ 42.
Kb1 Ke5 43. c3 Kd6 44. Qb7 Qxh6 45. Qxb5 Qe3 46. Qxa5 Ke7 47. Qc5+ Kf6 48. Ka2
g5 49. Bg4 Nf4 50. Qb6 Rd5 51. Qb8 Rxd4 52. cxd4 Kf7 53. Qh8 Qc1 54. a4 Qc4+
55. Ka3 Qd3+ 56. b3 Qd2 57. Qh7+ Kf8 58. Qh6+ Kf7 59. Bh5+ Nxh5 60. Qxh5+ Ke7
61. Qg6 Kd7 62. Qh7+ Kd6 63. Qe4 Qc3 (63... Qf4) 64. Qe5+ Kd7 65. Qg7+ Kd6 66.
Qf8+ Kd5 67. Qd8+ Ke4 68. Qxg5 Qa1+ 69. Kb4 Qxd4+ 70. Kb5 Qd3+ 71. Kc6 Qxb3 $2
(71... Qd5+ $11 72. Qxd5+ exd5 73. a5 d4 74. a6 d3 75. a7 d2 76. a8=Q d1=Q) 72.
a5 Qc4+ 73. Qc5 Qd3 74. Kb6 Qd8+ 75. Qc7 Qd4+ 76. Kb7 e5 77. Qc6+ Kd3 78. Qb5+
Kd2 79. a6 e4 80. a7 Qg7+ 81. Kb6 Qd4+ 82. Qc5 Qd8+ 83. Kb5 $4 {Wirft den
Gewinn einfach weg.} (83. Qc7 Qd4+ 84. Kb7 Qb2+ 85. Qb6 Qg7+ 86. Ka6 Qh8 87.
Qc6 Qa1+ 88. Kb7 Qg7+ 89. Kb8 Qg3+ 90. Kc8 Qg8+ 91. Kc7 Qh7+ 92. Qd7+) 83... e3
84. Qb4+ Ke2 85. Qc4+ Ke1 86. Qc6 {+1,61} Qd3+ {0,00} 87. Kb6 Qd4+ 88. Ka6 Qa1+
89. Kb7 1/2-1/2

[Event "3.RSCO"]
[Site "Rostock"]
[Date "2003.??.??"]
[Round "1"]
[White "Star Diamond, Novag"]
[Black "Magellan, Mephisto"]
[Result "1-0"]
[WhiteElo "2161"]
[BlackElo "2195"]
[Annotator "Völschow,Michael"]
[PlyCount "74"]
[EventDate "2003.??.??"]
[EventRounds "10"]
[EventCountry "GER"]
[SourceDate "2003.03.19"]

1. e4 e5 2. Nf3 Nc6 3. Bb5 a6 4. Ba4 Nf6 5. O-O Be7 6. Re1 b5 7. Bb3 O-O 8. c3
d6 9. h3 Na5 10. Bc2 c5 11. d4 cxd4 12. cxd4 Bb7 13. Nc3 {*} Qc7 {*} 14. dxe5
dxe5 15. Nd5 Nxd5 16. exd5 Rfd8 17. Nxe5 Rxd5 $6 18. Bxh7+ $1 {+0.92} Kxh7 {-1,
2} 19. Qh5+ Kg8 20. Qxf7+ Kh7 21. Bf4 Qc5 $2 22. Rac1 Qb4 23. a3 {+2,88} Qd6
24. Nd7 Qg6 25. Qxg6+ Kxg6 26. Rxe7 Rg8 27. Ne5+ Kh7 28. Ng4 Rf5 29. Bd2 Nb3
30. Nh6 Rxf2 (30... Nxc1 31. Nxf5 Bc8 32. Ne3 Nd3) 31. Kxf2 Rf8+ 32. Kg1 Nxc1
33. Rxb7 Ne2+ 34. Kh2 Rf6 35. Re7 Nf4 36. Ng4 Re6 37. Rxe6 Nxe6 1-0

[Event "3.RSCO"]
[Site "Rostock"]
[Date "2003.??.??"]
[Round "2"]
[White "Magellan, Mephisto"]
[Black "Star Diamond, Novag"]
[Result "1/2-1/2"]
[WhiteElo "2195"]
[BlackElo "2161"]
[Annotator "Völschow,Michael"]
[PlyCount "116"]
[EventDate "2003.??.??"]
[EventRounds "10"]
[EventCountry "GER"]
[SourceDate "2003.03.19"]

1. e4 e5 2. Nf3 Nc6 3. Bc4 Bc5 4. Nc3 Nf6 5. d3 d6 6. Be3 Bb6 7. Qd2 {*} Be6 {*
} 8. Bb3 Nd4 9. Bxd4 exd4 10. Ba4+ Nd7 11. Nb5 Qf6 12. O-O O-O-O 13. c3 dxc3
14. Nxc3 Ne5 15. Nxe5 dxe5 16. Bb3 Bxb3 17. axb3 c6 18. b4 a6 19. b5 axb5 20.
Ra2 b4 21. Na4 Bd4 22. Qxb4 Qd6 23. Qxd6 (23. Nb6+ Kc7 24. Nd5+ $1 cxd5 25.
Rc1+ Qc6 26. Rxc6+ bxc6 27. Ra6 Rd6 28. exd5 Rxd5) 23... Rxd6 24. Nb6+ Kc7 25.
Nc4 Rdd8 26. Rfa1 b5 27. Nd2 Bb6 28. Nf3 Rxd3 29. Nxe5 Rd2 30. b3 Bxf2+ 31. Kf1
Rxa2 32. Rxa2 Bb6 33. Rc2 c5 34. Ke2 Re8 35. Nxf7 Rxe4+ 36. Kf3 Re1 37. Ng5 Kc6
38. Nxh7 Rb1 39. Rc3 Rf1+ $2 (39... c4 40. bxc4 b4 41. Rd3 b3 42. Kg4 b2 43.
Rb3 Bd4 44. Ng5 Rf1 45. Nf3 Bf6 46. Nd2 Rd1) 40. Ke2 Rh1 41. Rg3 Bc7 42. Rg6+
Kd5 43. Rxg7 Bxh2 44. Rg5+ Be5 45. Nf6+ Ke6 46. Ne4 c4 47. Nc5+ Kd6 48. Ne4+
Kd5 49. Nf6+ Ke6 50. Ng4 Bd4 51. bxc4 bxc4 52. Rg6+ Kd7 53. Nf6+ Kd6 54. Ng4+
Kc5 55. Rg8 c3 56. Ne3 Bxe3 57. Kxe3 Kc4 58. Rc8+ Kb3 1/2-1/2

[Event "3.RSCO"]
[Site "Rostock"]
[Date "2003.??.??"]
[Round "3"]
[White "Star Diamond, Novag"]
[Black "Magellan, Mephisto"]
[Result "0-1"]
[WhiteElo "2161"]
[BlackElo "2195"]
[Annotator "Völschow,Michael"]
[PlyCount "56"]
[EventDate "2003.??.??"]
[EventRounds "10"]
[EventCountry "GER"]
[SourceDate "2003.03.19"]

1. e4 c5 2. Nf3 Nc6 3. d4 cxd4 4. Nxd4 Nf6 5. Nc3 d6 6. Bg5 e6 7. Qd2 Be7 8.
O-O-O O-O 9. Nb3 Qb6 10. f3 Rd8 11. Be3 {*} Qc7 12. Qf2 {*} d5 13. exd5 Nxd5
14. Nxd5 exd5 15. g4 Be6 16. Kb1 Bf6 17. g5 (17. Nd4 {wird vom Star nach 2:58
min verworfen.} Qa5 18. Nxe6 fxe6 19. g5 Bxb2 20. Kxb2 Qb4+ 21. Ka1 Qc3+ 22.
Kb1 Qb4+) 17... d4 18. Bd2 Be7 19. Bd3 Ne5 20. Nxd4 {-0,69} Nxd3 21. cxd3 Qb6
22. Be3 {-0,88} Bc5 23. Nc2 Bxe3 24. Qxe3 Qa5 25. a3 (25. b3 Rac8 26. Rd2 Bf5
27. Rhd1 Qc3 28. f4 Rxd3 29. Rxd3 Qxc2+ 30. Ka1 Bxd3 31. Qxd3 $11) 25... Rac8
26. Rhe1 $4 Rxc2 $1 {+3,4} 27. Kxc2 Rc8+ 28. Kb1 Qd5 0-1

[Event "3.RSCO"]
[Site "Rostock"]
[Date "2003.??.??"]
[Round "4"]
[White "Magellan, Mephisto"]
[Black "Star Diamond, Novag"]
[Result "0-1"]
[WhiteElo "2195"]
[BlackElo "2161"]
[Annotator "Völschow,Michael"]
[PlyCount "98"]
[EventDate "2003.??.??"]
[EventRounds "10"]
[EventCountry "GER"]
[SourceDate "2003.03.19"]

1. d4 d5 2. Nf3 Nf6 3. c4 c6 4. Nc3 dxc4 5. a4 Bf5 6. Ne5 e6 7. f3 Bb4 8. Nxc4
{*} O-O 9. Qb3 a5 10. e4 Bxe4 $6 (10... Bg6) 11. fxe4 Nxe4 12. Be3 Qh4+ 13. Kd1
Ng3 14. Rg1 Nf5 15. g4 Nxe3+ {+1,23} 16. Nxe3 {-0,6} Qf2 (16... Rd8 17. Nc2 c5
18. Ne2 Nc6 19. Bg2 Nxd4 20. Ncxd4 Qg5 21. Kc2 Qd2+ 22. Kb1 cxd4) 17. Rg3 Rd8
18. Qc2 Rxd4+ 19. Bd3 Qxc2+ 20. Nxc2 Rf4 21. Ke2 Bxc3 22. bxc3 Nd7 23. Ne3 Nc5
24. Bc2 Rd8 25. Rf3 Rxf3 (25... Rd2+ 26. Kxd2 Rxf3 27. Rh1 f6 28. h4 Rf2+ 29.
Ke1 Rf4 30. c4 g6 31. h5 f5 32. hxg6 hxg6 33. Ke2 Kg7) 26. Kxf3 h5 27. gxh5 f6
(27... Rd2 28. h3 Rh2 29. Kg3 Re2 30. Rd1 Kf8 31. Kf3 Rh2) 28. h4 Rd2 29. Rg1
Kf7 30. Rd1 Rxd1 31. Bxd1 b5 32. axb5 cxb5 33. Bc2 f5 34. Nf1 a4 35. Bb1 a3 36.
Ke2 Kf6 37. Ne3 Nb3 38. Kd1 Nc5 39. Ba2 $6 (39. Ke2 $11) 39... f4 40. Nf1 Ne4 (
40... Kf5 41. Nd2 Ne4 42. Kc2 Nxd2 43. Kxd2 e5 44. Ke2 Kg4 $19) 41. Kc2 f3 42.
Nd2 $2 Nxd2 43. Kxd2 e5 (43... Kf5 44. c4 bxc4 45. Bxc4 e5 46. Ke3 Kg4 47. Kf2
e4 48. Bd5 Kf4 49. Kf1 e3 $19) 44. Ke3 e4 45. Bd5 Ke5 46. h6 {-0,8} gxh6 47.
Bf7 Kf5 48. Ba2 Kg4 {+3,11} 49. Kf2 e3+ 0-1

[Event "3.RSCO"]
[Site "Rostock"]
[Date "2003.??.??"]
[Round "5"]
[White "Star Diamond, Novag"]
[Black "Magellan, Mephisto"]
[Result "1/2-1/2"]
[WhiteElo "2161"]
[BlackElo "2195"]
[Annotator "Völschow,Michael"]
[PlyCount "125"]
[EventDate "2003.??.??"]
[EventRounds "10"]
[EventCountry "GER"]
[SourceDate "2003.03.19"]

1. c4 c6 2. e4 d5 3. exd5 cxd5 4. d4 Nf6 5. Nc3 e6 6. Nf3 Be7 7. cxd5 Nxd5 8.
Bd3 Nc6 9. O-O O-O 10. Re1 Bf6 11. Be4 Nce7 12. Ne5 g6 {*} 13. Bh6 {*} Re8 14.
Qf3 Bxe5 15. dxe5 Nxc3 16. Qxc3 Nf5 17. Rad1 Qh4 18. Bc1 a6 19. Qc7 Qe7 20.
Qxe7 (20. Qb6 f6 21. Bf4 Rf8 22. Bxf5 gxf5 23. Re3 h5 24. exf6 Qxf6 25. Be5 Qe7
26. Rc3 f4 27. Rc7 $18) 20... Nxe7 21. Re2 Nd5 22. a3 Bd7 23. Bxd5 exd5 24.
Rxd5 Rac8 25. Bg5 Bb5 26. Re1 Rc2 27. Rd2 Rec8 28. Rxc2 Rxc2 29. Bf6 Rd2 30. h4
h6 31. Rc1 Bc6 32. b3 Rd3 33. Rb1 Rd2 34. Re1 Kf8 35. h5 gxh5 36. Re3 Bd7 37.
Rc3 {+0,96} Bc6 38. a4 Ke8 39. Kf1 Rb2 40. Rd3 Bd7 41. Ke1 Ra2 42. g3 Rc2 43.
Rd2 Rc8 {0,0} 44. Ke2 {+1,34} Be6 45. Rd3 Bf5 46. Rd4 Bc2 47. Rb4 Rc7 48. Bg7
Kd7 49. Bxh6 (49. a5 f5 50. exf6 Ke6 51. Kf3 Rc3+ 52. Kf4 Rxb3 53. Rc4 Bd1 54.
Rc7 Kd6 55. Re7 Rf3+ 56. Ke4 Rxf2 57. Kd4 h4 58. gxh4 Rf4+ 59. Ke3 Rf3+ 60. Kd2
) 49... Ke6 50. Bf4 (50. Bg7) 50... Rd7 51. Rb6+ Kd5 52. Kd2 Bf5 (52... Kc5+)
53. f3 Kc5+ 54. Rd6 Kb4 (54... Rxd6+ 55. exd6) 55. Rxd7 Bxd7 56. Kc2 Be6 57.
Bd2+ Ka3 58. a5 Bxb3+ 59. Kd3 Ka4 60. Kd4 Kb5 61. Ke4 b6 62. axb6 Kxb6 63. Bb4
1/2-1/2

[Event "3.RSCO"]
[Site "Rostock"]
[Date "2003.??.??"]
[Round "6"]
[White "Magellan, Mephisto"]
[Black "Star Diamond, Novag"]
[Result "1-0"]
[WhiteElo "2195"]
[BlackElo "2161"]
[Annotator "Völschow,Michael"]
[PlyCount "113"]
[EventDate "2003.??.??"]
[EventRounds "10"]
[EventCountry "GER"]
[SourceDate "2003.03.19"]

1. e4 c5 2. Nf3 d6 3. d4 cxd4 4. Nxd4 Nf6 5. Nc3 a6 6. Be3 {*} e5 7. Nf3 Qc7 {*
} 8. Be2 Nbd7 9. O-O Qc6 10. Qd3 Nc5 11. Bxc5 Qxc5 12. Nd5 Nxd5 13. exd5 Be7
14. c4 O-O 15. a3 Bd7 16. b4 Qa7 (16... Qc7) 17. Rac1 f5 18. Qd2 Rfc8 19. Ng5
b5 20. Ne6 bxc4 21. Bxc4 Bb5 $2 (21... a5) 22. Bxb5 axb5 23. Qd3 Qb7 24. Qxf5
Rxc1 25. Rxc1 {+0,8} Rc8 {-0,53} 26. Ra1 $6 (26. Rxc8+ Qxc8 27. h3 Qb7 28. Qd3
Bf6 29. Kf1 h6 30. g3 Kf7 31. Ke2 Ke7 32. f4) 26... Rc3 27. Qg4 Bf6 28. Qh5 Qa8
29. h3 h6 30. Qg6 Qxd5 31. Qe8+ Kh7 32. h4 e4 33. Nf8+ Kh8 34. Nd7+ Qg8 35.
Nxf6 gxf6 {-1,34} 36. Qxe4 Qc4 37. Qg6 Rc1+ 38. Rxc1 Qxc1+ 39. Kh2 Qf4+ 40. Kh3
Qxf2 41. Qxh6+ Kg8 42. Qg6+ Kf8 43. Qd3 Qf4 44. Qxb5 Qe3+ 45. Kh2 Qxa3 46. h5
Qc1 47. Qf5 Ke7 48. b5 Qe3 49. Qd5 Qe1 50. g3 Qe2+ 51. Kh3 Qf1+ 52. Kh4 Qg1 53.
Qd3 Qe1 54. Kh3 Qe6+ 55. Kg2 f5 56. b6 Kd8 57. Kf3 1-0

[Event "3.RSCO"]
[Site "Rostock"]
[Date "2003.??.??"]
[Round "7"]
[White "Star Diamond, Novag"]
[Black "Magellan, Mephisto"]
[Result "1/2-1/2"]
[WhiteElo "2161"]
[BlackElo "2195"]
[Annotator "Völschow,Michael"]
[PlyCount "127"]
[EventDate "2003.??.??"]
[EventRounds "10"]
[EventCountry "GER"]
[SourceDate "2003.03.19"]

1. e4 e6 2. d4 d5 3. Nd2 Nf6 4. e5 Nfd7 5. Bd3 c5 6. c3 Nc6 7. Ne2 cxd4 8. cxd4
Qb6 9. Nf3 f6 10. exf6 Nxf6 11. O-O Bd6 12. Nc3 {*} O-O 13. Be3 Bd7 {*} 14. Qe2
Nb4 15. Bb1 Qa6 16. Qxa6 bxa6 17. Ne5 Be8 18. Rc1 (18. f4) 18... Rc8 19. a3 (
19. f4) 19... Nc6 20. Ne2 Bh5 21. Nxc6 Bxe2 22. Bd2 Bb5 23. Ne5 Bxe5 24. dxe5
Rxc1+ 25. Bxc1 Ng4 26. h3 Nxe5 27. Be3 Nc4 28. Bc5 Rc8 29. b4 Rc7 30. a4 Bd7
31. a5 Bb5 32. f4 Nb2 (32... Rf7 33. g3 g5 34. fxg5 Nd2 35. Ba2 Rf3 36. Rd1
Rxg3+ 37. Kh2 Rd3 38. Kg2 Bc6) 33. Kf2 Rf7 34. Bd4 (34. Kg3) 34... Nc4 35. Kg3
Rb7 36. Bc2 h6 37. Bg6 Nd6 38. Rc1 Nf5+ 39. Bxf5 exf5 40. Rc8+ Kf7 41. Rd8 Bc4
42. Bc5 Kg6 43. Kf2 Rc7 44. g3 Rb7 45. Ke3 Kh5 46. Kd4 Bf1 47. Rd6 Bc4 48. Re6
Rd7 49. Re5 Kg6 50. Re8 Bf1 51. Re1 Bc4 52. Re5 Kf6 53. Re8 Bf1 54. h4 Bg2 55.
Rc8 Kf7 56. Ra8 g6 57. Bxa7 Bf1 58. Bc5 h5 59. Rb8 Bc4 60. Rf8+ Ke6 61. Re8+
Kf6 62. Re5 Kf7 63. b5 Bxb5 64. Rxd5 1/2-1/2